000 00242nam a2200097Ia 4500
001 653860
005 20250826154506.0
008 250824s9999 xx 000 0 und d
245 0 _aSIRLAR YOLU
_cFÜSUN ÇETİNEL
260 _bGÜNIŞIĞI YAYINLARI
999 _c653860
_d653860